Statistics for FNAF 1-3

Click here to take the quiz!

General Stats

  • This quiz has been taken 1,849 times
  • The average score is 7 of 9

Answer Stats

HintAnswer% Correct
Who can you see running in the hall in FNAF 1?Foxy
99%
Secret FNAF Character?Golden Freddy
89%
Are there any mini-games?Yes
89%
Is there a glitch room in Mangles Quest?Yes
89%
When was 'The Bite'?1987
86%
Is there such thing as balloon girl?No
86%
The Killer?Purple Guy
81%
What animatronic suit does Purple guy hide in?Spring Trap
81%
Which 3 can be found on the Show Stage?Bonnie, Freddy,Chica
27%

Score Distribution

Percentile by Number Answered

Percent of People with Each Score

Your Score History

You have not taken this quiz